[Event "Troisdorf op"]
[Site "Troisdorf"]
[Date "2014.10.28"]
[Round "2"]
[White "Heck, Ewald"]
[Black "Bonus, Christian"]
[Result "0-1"]
[WhiteElo "1729"]
[BlackElo "1467"]
[PlyCount "47"]
[EventDate "2014.10.21"]
[EventType "swiss"]
[EventRounds "7"]
[EventCountry "GER"]
[SourceTitle "EXT 2016"]
[Source "ChessBase"]
[SourceDate "2015.10.08"]
[SourceVersion "1"]
[SourceVersionDate "2015.10.08"]
[SourceQuality "1"]

1. d4 e6 2. Bf4 Nf6 3. c4 d5 4. Nc3 c6 5. e3 Bb4 6. cxd5 exd5 7. Bd3 0-0 8. Nf3 Ne4 9. Bxe4 dxe4 10. Ng5 Bf5 11. Qb3 Qe7 12. 0-0-0 Bxc3 13. Qxc3 Nd7 14. h4 h6 15. Rh2 Nb6 16. Rdh1 Nd5 17. Qd2 Rac8 18. Kd1 Rfd8 19. Ke1 c5 20. Nxf7 Kxf7 21. Be5 Nb4 22. Qe2 Nd3+ 23. Kf1 Nxe5 24. g4 0-1

[Event "Troisdorf op"]
[Site "Troisdorf"]
[Date "2013.11.26"]
[Round "6"]
[White "Stuch, Hans Ferdinand"]
[Black "Heck, Ewald"]
[Result "0-1"]
[WhiteElo "1902"]
[BlackElo "1701"]
[PlyCount "38"]
[EventDate "2013.10.22"]
[EventType "swiss"]
[EventRounds "7"]
[EventCountry "GER"]
[SourceTitle "EXT 2016"]
[Source "ChessBase"]
[SourceDate "2015.10.08"]
[SourceVersion "1"]
[SourceVersionDate "2015.10.08"]
[SourceQuality "1"]

1. Nf3 Nf6 2. d4 g6 3. c4 Bg7 4. Nc3 0-0 5. e4 d6 6. Be2 e5 7. 0-0 Nc6 8. d5 Ne7 9. Ne1 Nd7 10. Be3 f5 11. f3 f4 12. Bf2 g5 13. Nd3 a6 14. b4 Rf6 15. c5 Rh6 16. Na4 Qe8 17. cxd6 cxd6 18. Rc1 b5 19. Nc3 Qh5 0-1

[Event "Troisdorf op"]
[Site "Troisdorf"]
[Date "2013.11.19"]
[Round "5"]
[White "Heck, Ewald"]
[Black "Schilcher, Adrian"]
[Result "1/2-1/2"]
[WhiteElo "1701"]
[BlackElo "1875"]
[PlyCount "41"]
[EventDate "2013.10.22"]
[EventType "swiss"]
[EventRounds "7"]
[EventCountry "GER"]
[SourceTitle "EXT 2016"]
[Source "ChessBase"]
[SourceDate "2015.10.08"]
[SourceVersion "1"]
[SourceVersionDate "2015.10.08"]
[SourceQuality "1"]

1. d4 Nf6 2. c4 e6 3. Nf3 b6 4. g3 Ba6 5. b3 b5 6. cxb5 Bxb5 7. Bg2 d5 8. 0-0 Bd6 9. Nc3 Ba6 10. Re1 Nbd7 11. Bd2 c5 12. e4 dxe4 13. Nxe4 Nxe4 14. Rxe4 0-0 15. Ne5 Bb7 16. Rh4 Bxg2 17. Kxg2 g6 18. Bh6 Re8 19. Nxd7 Qxd7 20. dxc5 Qb7+ 21. Qf3 1/2-1/2

[Event "Troisdorf op"]
[Site "Troisdorf"]
[Date "2013.10.22"]
[Round "1"]
[White "Heck, Ewald"]
[Black "Luett, Michael"]
[Result "0-1"]
[WhiteElo "1701"]
[BlackElo "2082"]
[PlyCount "80"]
[EventDate "2013.10.22"]
[EventType "swiss"]
[EventRounds "7"]
[EventCountry "GER"]
[SourceTitle "EXT 2016"]
[Source "ChessBase"]
[SourceDate "2015.10.08"]
[SourceVersion "1"]
[SourceVersionDate "2015.10.08"]
[SourceQuality "1"]

1. d4 c5 2. d5 g6 3. c4 Bg7 4. Nc3 Bxc3+ 5. bxc3 f5 6. e3 Qa5 7. Bd2 d6 8. Bd3 Nd7 9. Nf3 Ngf6 10. 0-0 Nb6 11. Qe2 Qa4 12. Ng5 h6 13. Nh3 g5 14. f3 e5 15. dxe6 Bxe6 16. e4 0-0-0 17. exf5 Bxc4 18. Bxc4 Nxc4 19. Bc1 Rhe8 20. Qd3 Ne5 21. Qb1 Nd5 22. Qb3 Qc6 23. c4 Nb6 24. Nxg5 hxg5 25. Bxg5 Rd7 26. Rae1 Rg8 27. h4 Nexc4 28. f6 d5 29. Qd3 Nd6 30. Re6 d4 31. Rfe1 Nd5 32. Bh6 Rf7 33. Bg7 Rfxg7 34. fxg7 Rxg7 35. h5 Nf4 36. Rxd6 Qxd6 37. Qf5+ Kc7 38. g4 d3 39. Re8 Ne2+ 40. Kf2 Qd4+ 0-1

[Event "Rheinland Pfalz op 5th"]
[Site "Worms"]
[Date "2013.06.01"]
[Round "5"]
[White "Heck, Ewald"]
[Black "Thumm, Niklas"]
[Result "1-0"]
[WhiteElo "1677"]
[BlackElo "1330"]
[PlyCount "51"]
[EventDate "2013.05.30"]
[EventType "swiss"]
[EventRounds "7"]
[EventCountry "GER"]
[SourceTitle "EXT 2014"]
[Source "ChessBase"]
[SourceDate "2013.11.20"]
[SourceVersion "1"]
[SourceVersionDate "2013.11.20"]
[SourceQuality "1"]

1. d4 Nf6 2. Nf3 e6 3. c4 c5 4. d5 Be7 5. Nc3 b6 6. e4 d6 7. Be2 0-0 8. 0-0 Nbd7 9. Re1 Bb7 10. Bf1 Qc7 11. dxe6 fxe6 12. Ng5 Qc6 13. Nxe6 Rf7 14. Nd5 Rc8 15. Ng5 Nxd5 16. exd5 Qc7 17. Nxf7 Kxf7 18. Qh5+ Kf8 19. Bg5 Bxg5 20. Qxg5 Nf6 21. Re6 Qf7 22. Rae1 h6 23. Qg3 Ne8 24. Re7 Qf6 25. Rxb7 Nc7 26. Qf3 1-0

[Event "Troisdorf op"]
[Site "Troisdorf"]
[Date "2012.11.27"]
[Round "6"]
[White "Heck, Ewald"]
[Black "Trube, Dieter"]
[Result "1-0"]
[WhiteElo "1640"]
[BlackElo "2008"]
[PlyCount "77"]
[EventDate "2012.10.23"]
[EventType "swiss"]
[EventRounds "7"]
[EventCountry "GER"]
[SourceTitle "EXT 2014"]
[Source "ChessBase"]
[SourceDate "2013.11.20"]
[SourceVersion "1"]
[SourceVersionDate "2013.11.20"]
[SourceQuality "1"]

1. d4 d5 2. c4 c6 3. Nf3 Nf6 4. Nc3 Bf5 5. cxd5 cxd5 6. Qb3 b6 7. Ne5 e6 8. e3 Bd6 9. Bb5+ Nfd7 10. 0-0 0-0 11. f4 Nxe5 12. fxe5 Be7 13. Bd2 a6 14. Be2 Nc6 15. Rac1 Na5 16. Qd1 b5 17. b3 Ba3 18. Rf2 Bxc1 19. Qxc1 Rc8 20. Qf1 Bg6 21. Bf3 Nc6 22. Ne2 Qe7 23. Nf4 Nb4 24. h4 Nxa2 25. h5 Bc2 26. h6 g6 27. Bxd5 Nc3 28. Bf3 Ne4 29. Bxe4 Bxe4 30. Ba5 Rc2 31. Rxc2 Bxc2 32. Bb6 Re8 33. Qf2 Bxb3 34. Nh3 Bd5 35. Bc5 Qd8 36. Qf4 a5 37. Ng5 f5 38. exf6 Rf8 39. Bxf8 1-0

[Event "Troisdorf op"]
[Site "Troisdorf"]
[Date "2011.11.15"]
[Round "4"]
[White "Heck, Ewald"]
[Black "Trube, Dieter"]
[Result "1/2-1/2"]
[WhiteElo "1678"]
[BlackElo "1644"]
[PlyCount "73"]
[EventDate "2011.10.25"]
[EventType "swiss"]
[EventRounds "7"]
[EventCountry "GER"]
[SourceTitle "EXT 2013"]
[Source "ChessBase"]
[SourceDate "2012.11.22"]
[SourceVersion "1"]
[SourceVersionDate "2012.11.22"]
[SourceQuality "1"]

1. d4 d5 2. Nf3 Nf6 3. c4 c6 4. Nc3 e6 5. Bf4 Bd6 6. Qd2 Bxf4 7. Qxf4 Nbd7 8. e4 dxe4 9. Nxe4 Nxe4 10. Qxe4 Nf6 11. Qf4 0-0 12. Bd3 Qa5+ 13. Nd2 Qb6 14. 0-0-0 Rd8 15. Nf3 c5 16. dxc5 Qa5 17. Qd2 Qxd2+ 18. Rxd2 Bd7 19. Rhd1 Kf8 20. Ne5 Ke7 21. g4 h6 22. h4 Be8 23. g5 hxg5 24. hxg5 Nd7 25. Nxd7 Rxd7 26. Be4 Rxd2 27. Rxd2 Rc8 28. b4 b6 29. cxb6 Rxc4+ 30. Rc2 Rxc2+ 31. Kxc2 axb6 32. Kb3 Kd6 33. a4 f5 34. gxf6 gxf6 35. b5 Kc5 36. Kc3 e5 37. Bf5 1/2-1/2

[Event "Troisdorf op"]
[Site "Troisdorf"]
[Date "2011.11.01"]
[Round "2"]
[White "Heck, Ewald"]
[Black "Heidmann, Horst"]
[Result "1/2-1/2"]
[WhiteElo "1678"]
[BlackElo "1478"]
[PlyCount "50"]
[EventDate "2011.10.25"]
[EventType "swiss"]
[EventRounds "7"]
[EventCountry "GER"]
[SourceTitle "EXT 2013"]
[Source "ChessBase"]
[SourceDate "2012.11.22"]
[SourceVersion "1"]
[SourceVersionDate "2012.11.22"]
[SourceQuality "1"]

1. e4 e6 2. d4 d5 3. Nc3 Nf6 4. e5 Nfd7 5. Nce2 c5 6. c3 Nc6 7. f4 cxd4 8. cxd4 Qb6 9. Nf3 Bb4+ 10. Bd2 Bxd2+ 11. Qxd2 Qb4 12. Nc3 0-0 13. Bd3 h6 14. a3 Qe7 15. 0-0 f5 16. Nb5 Nb6 17. Rac1 Bd7 18. Nd6 Rab8 19. Qf2 a6 20. Nh4 Kh7 21. Qg3 g5 22. fxg5 Qxg5 23. Qf2 Qg4 24. Qf4 Qxf4 25. Rxf4 Nc8 1/2-1/2

[Event "Baltic Sea Blind Chess Cup"]
[Site "Timmendorf"]
[Date "2010.10.22"]
[Round "7.3"]
[White "Heck, Ewald"]
[Black "Schneider, Alexander"]
[Result "1-0"]
[WhiteElo "1683"]
[BlackElo "1609"]
[PlyCount "81"]
[EventDate "2010.10.16"]
[EventType "swiss"]
[EventRounds "7"]
[EventCountry "GER"]
[SourceTitle "EXT 2022"]
[Source "ChessBase"]
[SourceDate "2021.10.06"]
[SourceVersion "1"]
[SourceVersionDate "2021.10.06"]
[SourceQuality "1"]

1. e4 c5 2. Nc3 d6 3. d3 Nf6 4. f4 g6 5. Nf3 Bg7 6. Be2 Nc6 7. 0-0 e6 8. Kh1 a6 9. d4 cxd4 10. Nxd4 Qe7 11. Be3 0-0 12. Qd2 Nxd4 13. Bxd4 b5 14. e5 dxe5 15. Bxe5 Qd7 16. Qe3 Bb7 17. Rad1 Qc8 18. Bf3 Bxf3 19. Qxf3 b4 20. Ne4 Nxe4 21. Qxe4 a5 22. Rd6 Ra6 23. Rfd1 Rxd6 24. Rxd6 Bxe5 25. fxe5 Qc5 26. Rc6 Rd8 27. h3 Rd1+ 28. Kh2 Qg1+ 29. Kg3 Re1 30. Qf4 Re3+ 31. Kh4 Qe1+ 32. Kg5 Rxe5+ 33. Kf6 Rf5+ 34. Qxf5 Qh4+ 35. Qg5 Qf2+ 36. Ke7 Qa7+ 37. Kd6 Qd4+ 38. Ke7 Qa7+ 39. Ke8 Qa8+ 40. Kd7 Qa7+ 41. Rc7 1-0

[Event "Baltic Sea Blind Chess Cup"]
[Site "Timmendorf"]
[Date "2010.10.17"]
[Round "2.2"]
[White "Ellinger, Peter"]
[Black "Heck, Ewald"]
[Result "1/2-1/2"]
[WhiteElo "1833"]
[BlackElo "1683"]
[PlyCount "47"]
[EventDate "2010.10.16"]
[EventType "swiss"]
[EventRounds "7"]
[EventCountry "GER"]
[SourceTitle "EXT 2022"]
[Source "ChessBase"]
[SourceDate "2021.10.06"]
[SourceVersion "1"]
[SourceVersionDate "2021.10.06"]
[SourceQuality "1"]

1. e4 c5 2. Nf3 Nc6 3. d4 cxd4 4. Nxd4 Nf6 5. Nc3 e5 6. Ndb5 d6 7. Bg5 a6 8. Na3 b5 9. Nd5 Be6 10. Bxf6 gxf6 11. c3 Bg7 12. Nc2 Ne7 13. a4 Nxd5 14. exd5 Bd7 15. axb5 axb5 16. Rxa8 Qxa8 17. Na3 b4 18. cxb4 0-0 19. Be2 f5 20. 0-0 e4 21. Qd2 Qd8 22. Nc4 Bb5 23. b3 Qf6 24. Kh1 1/2-1/2

[Event "Troisdorf op"]
[Site "Troisdorf"]
[Date "2006.11.07"]
[Round "3"]
[White "Heck, Ewald"]
[Black "Schott, Guido"]
[Result "0-1"]
[WhiteElo "1832"]
[BlackElo "2066"]
[PlyCount "76"]
[EventDate "2006.10.24"]
[EventType "swiss"]
[EventRounds "7"]
[EventCountry "GER"]
[SourceTitle "EXT 2011"]
[Source "ChessBase"]
[SourceDate "2010.11.26"]
[SourceVersion "1"]
[SourceVersionDate "2010.11.26"]
[SourceQuality "1"]

1. d4 Nf6 2. c4 e6 3. Nf3 Bb4+ 4. Bd2 Qe7 5. Nc3 b6 6. e3 Bb7 7. Bd3 Bxc3 8. Bxc3 Ne4 9. Rc1 d6 10. d5 Nxc3 11. Rxc3 Nd7 12. 0-0 0-0 13. Qc2 g6 14. e4 e5 15. Qd2 a5 16. Qh6 Nc5 17. Bc2 Bc8 18. Nh4 Qf6 19. Nf5 Bxf5 20. exf5 Qg7 21. Qh4 g5 22. Qg4 f6 23. Rh3 Rae8 24. Re1 Rf7 25. Rh5 e4 26. Bxe4 Rxe4 27. Rxe4 Nxe4 28. Qxe4 Re7 29. Qb1 Re2 30. Kf1 Qe7 31. h4 Rd2 32. Qe1 Qxe1+ 33. Kxe1 Rxb2 34. hxg5 Rxa2 35. g6 hxg6 36. fxg6 Rc2 37. Rf5 Kg7 38. Kd1 Rxc4 0-1

[Event "Troisdorf op"]
[Site "Troisdorf"]
[Date "2004.11.30"]
[Round "5"]
[White "Heck, Ewald"]
[Black "Lambertz, Michael"]
[Result "0-1"]
[WhiteElo "1823"]
[BlackElo "1891"]
[PlyCount "116"]
[EventDate "2004.11.02"]
[EventType "swiss"]
[EventRounds "7"]
[EventCountry "GER"]
[SourceTitle "EXT 2006"]
[Source "ChessBase"]
[SourceDate "2005.11.24"]
[SourceVersion "1"]
[SourceVersionDate "2005.11.24"]
[SourceQuality "1"]

1. Nf3 Nf6 2. c4 c5 3. Nc3 d5 4. cxd5 Nxd5 5. g3 Nc6 6. Bg2 Nc7 7. 0-0 e5 8. d3 Be7 9. Be3 Bd7 10. Rc1 0-0 11. Nd2 b6 12. f4 f6 13. f5 Rc8 14. g4 Nd4 15. Bxd4 cxd4 16. Qb3+ Kh8 17. Nd5 Be8 18. Nxc7 Rxc7 19. Qd5 Qc8 20. Rxc7 Qxc7 21. Qb7 Qxb7 22. Bxb7 Bd7 23. Rc1 Bd6 24. Kg2 g6 25. Ne4 Bb8 26. Ng3 Kg7 27. Be4 Rc8 28. Rxc8 Bxc8 29. h4 Bd6 30. a3 Bd7 31. Kf1 Ba4 32. Ke1 Bb3 33. Bc6 Bf7 34. Kd2 Kf8 35. Ne4 Be7 36. Ng3 Bd8 37. Kc1 Ke7 38. Kc2 Kd6 39. Be4 b5 40. Bb7 Kc5 41. b4+ Kb6 42. Bf3 Be7 43. Kb2 a5 44. bxa5+ Kxa5 45. Bc6 Ka4 46. Be4 Bxa3+ 47. Kc2 Ba2 48. Bc6 Ka5 49. Ne4 Kb6 50. Bxb5 Kxb5 51. Nxf6 gxf5 52. g5 h6 53. g6 Be7 54. Nd7 Bxh4 55. Nxe5 Bg8 56. Nc4 Kc5 57. e3 Bxc4 58. dxc4 Bf6 0-1

[Event "Troisdorf op"]
[Site "Troisdorf"]
[Date "2004.11.23"]
[Round "4"]
[White "Karwatzki, Hans Juergen"]
[Black "Heck, Ewald"]
[Result "0-1"]
[WhiteElo "1605"]
[BlackElo "1823"]
[PlyCount "58"]
[EventDate "2004.11.02"]
[EventType "swiss"]
[EventRounds "7"]
[EventCountry "GER"]
[SourceTitle "EXT 2006"]
[Source "ChessBase"]
[SourceDate "2005.11.24"]
[SourceVersion "1"]
[SourceVersionDate "2005.11.24"]
[SourceQuality "1"]

1. e4 c5 2. c3 d5 3. exd5 Qxd5 4. Nf3 Nc6 5. d4 e6 6. Be2 Nf6 7. Bf4 Be7 8. 0-0 0-0 9. Re1 Rd8 10. Ne5 cxd4 11. Bf3 Qc5 12. Qe2 Bd7 13. b4 Qb6 14. Bxc6 bxc6 15. a3 c5 16. Ra2 Rac8 17. Nxd7 Rxd7 18. bxc5 Bxc5 19. cxd4 Bxd4 20. Rd2 Rcd8 21. Red1 Qc5 22. h4 Qf5 23. Be5 h6 24. Bxf6 Qxf6 25. Nc3 Bxf2+ 26. Qxf2 Qxf2+ 27. Rxf2 Rxd1+ 28. Nxd1 Rxd1+ 29. Kh2 Rd3 0-1

[Event "Troisdorf op"]
[Site "Troisdorf"]
[Date "2002.11.26"]
[Round "5"]
[White "Bigott, Martin"]
[Black "Heck, Ewald"]
[Result "1-0"]
[WhiteElo "1918"]
[BlackElo "1720"]
[PlyCount "28"]
[EventDate "2002.10.??"]
[EventType "swiss"]
[EventRounds "7"]
[EventCountry "GER"]
[SourceTitle "EXT 2005"]
[Source "ChessBase"]
[SourceDate "2004.11.15"]
[SourceVersion "1"]
[SourceVersionDate "2004.11.15"]
[SourceQuality "1"]

1. Nf3 Nf6 2. g3 c5 3. Bg2 Nc6 4. d4 cxd4 5. Nxd4 e5 6. Nb5 d5 7. 0-0 Bc5 8. Bg5 Be6 9. N5c3 e4 10. e3 Ne5 11. Nd2 h6 12. Bxf6 Qxf6 13. Nb3 Bg4 14. Qxd5 Be7 1-0

[Event "Troisdorf op"]
[Site "Troisdorf"]
[Date "2002.11.12"]
[Round "3"]
[White "Sadeghi, Seid"]
[Black "Heck, Ewald"]
[Result "0-1"]
[WhiteElo "1503"]
[BlackElo "1720"]
[PlyCount "53"]
[EventDate "2002.10.??"]
[EventType "swiss"]
[EventRounds "7"]
[EventCountry "GER"]
[SourceTitle "EXT 2005"]
[Source "ChessBase"]
[SourceDate "2004.11.15"]
[SourceVersion "1"]
[SourceVersionDate "2004.11.15"]
[SourceQuality "1"]

1. d4 Nf6 2. Nf3 g6 3. c4 Bg7 4. e3 0-0 5. Bd3 d5 6. Nc3 Nc6 7. 0-0 Re8 8. cxd5 Nxd5 9. Bc4 Nb6 10. b3 Nxc4 11. bxc4 Bg4 12. h3 Bxf3 13. Qxf3 e5 14. Rb1 exd4 15. Rd1 d3 16. Nd5 Ne5 17. Qg3 c6 18. Nf4 Qd7 19. Rb3 Rad8 20. Bb2 d2 21. Rc3 Qf5 22. Ne2 Nd3 23. Rxd2 Nxb2 24. Rxb2 Rd1+ 25. Kh2 Be5 26. f4 Bxc3 27. Nxc3 0-1

[Event "Troisdorf op"]
[Site "Troisdorf"]
[Date "2001.11.20"]
[Round "5"]
[White "Vossen, Klaus"]
[Black "Heck, Ewald"]
[Result "1-0"]
[WhiteElo "2106"]
[BlackElo "1743"]
[PlyCount "79"]
[EventDate "2001.10.??"]
[EventType "swiss"]
[EventRounds "7"]
[EventCountry "GER"]
[SourceTitle "EXT 2005"]
[Source "ChessBase"]
[SourceDate "2004.11.15"]
[SourceVersion "1"]
[SourceVersionDate "2004.11.15"]
[SourceQuality "1"]

1. d4 Nf6 2. c4 g6 3. Nc3 Bg7 4. e4 d6 5. f3 0-0 6. Be3 Nc6 7. Nge2 e5 8. d5 Ne7 9. Qd2 Nh5 10. g4 Nf4 11. Nxf4 exf4 12. Bxf4 f5 13. gxf5 gxf5 14. 0-0-0 Ng6 15. Bh6 Bf6 16. Rg1 Rf7 17. Bd3 Kh8 18. f4 Nh4 19. Rg3 fxe4 20. Bxe4 Bf5 21. Bg5 Bxg5 22. fxg5 Bxe4 23. Nxe4 Qe7 24. Qd4+ Rg7 25. Rf1 Ng6 26. b3 Qe5 27. Qxe5 Nxe5 28. Kd2 Re8 29. Nf6 Rf8 30. h4 Rgf7 31. Re1 h6 32. Re4 Kg7 33. c5 hxg5 34. hxg5 Rh8 35. b4 Rh2+ 36. Re2 Rh4 37. Kc3 Nd7 38. cxd6 cxd6 39. Ne8+ Kg6 40. Re6+ 1-0